| 000 | 01645 a2200217 4500 | ||
|---|---|---|---|
| 020 | _a081440880X | ||
| 020 | _a9780814408803 | ||
| 082 | 0 | 4 | _a658.162 |
| 090 |
_c2794 _d2794 |
||
| 100 | 1 | _aSherman, Andrew J. | |
| 245 | 1 | 0 |
_aMergers and acquisitions from a to z / _cAndrew J. Sherman. |
| 250 | _a2nd ed. | ||
| 260 |
_a[S.l.] : _bAMACOM, _c2006. |
||
| 300 |
_a288 p. ; _c24 cm. |
||
| 500 | _aHardcover. | ||
| 520 | _aA concise strategic and legal guide for both buyers and sellers at large and small companies, Mergers and Acquisitions from A to Z is a practical, hands-on resource for anyone involved in any merger or acquisition. Written in clear, jargon-free language, the book provides extensive, easy-to-understand information on the entire transaction, including an overview of tax and accounting considerations, drafting legal documents, and analyzing projected financial gain. Thoroughly revised to reflect the latest changes in the business environment, the new edition features: * The latest trends and best practices for structuring profitable deals * New due diligence rules and strategies in the age of Sarbanes-Oxley * Guidelines for keeping deals on track and managing post-closing challenges * And much more Written for those already involved in M&A deals or considering a move in that direction, Mergers and Acquisitions from A to Z demystifies the entire process. | ||
| 700 | 1 | _aHart, Milledge A. | |
| 856 | 4 | 0 |
_3Amazon.com _uhttp://www.amazon.com/exec/obidos/ASIN/081440880X/chopaconline-20 |
| 856 | 4 | 0 |
_3Amazon customer reviews _uhttp://www.chopac.org/cgi-bin/tools/azrev.pl?q=081440880X |
| 942 |
_aNBS _cBK _k658.162 SHE |
||
| 999 |
_c345284 _d345284 |
||